000 00813nam a2200253Ia 4500
001 1112
003 GE_BSU
008 181216s||||||||xx |||||||||||||| ||und||
020 _a9785060062380
040 _cGE_BSU
080 _a543(075.8)
100 _aХаритонов,Ю.Я.
245 _aАналитическая химия. Кн.2.
245 _bОбщие теоретические основы.Качественный анализ.Физико-химические(инструментальные методы анализа)
250 _a5-е изд.стереот.
260 _aМосква
260 _bВысшая школа
260 _c2010
300 _a560стр.
541 _h80л.
653 _aАналитическая химия
653 _aХимия
942 _cBK
999 _c35263
_d35263